| 000 | 00599nam a22001937a 4500 | ||
|---|---|---|---|
| 999 |
_c174392 _d174392 |
||
| 005 | 20200611160656.0 | ||
| 010 | _aUR-10790 | ||
| 020 |
_c150.00 _a- |
||
| 035 | _aU-9346 | ||
| 037 | _bDBAD/PUB | ||
| 082 | _a841 | ||
| 100 | _aشر ف ا لد ين سا حل | ||
| 245 |
_aتسبيح و ز نا ر _cشر ف ا لد ين سا حل |
||
| 246 |
_bTasbih-o Zunnar (Urdu) _aby Mohd. Sharfuddin Sahil |
||
| 260 |
_aNagpur _bAleem Printers _c1999 ء |
||
| 270 |
_aRaheem Stores Haideri Road, Momin pura _bNagpur _e18 _k- _l- |
||
| 300 |
_a128ص _c22 Cm(Hb) |
||
| 942 |
_2ddc _cUR _h841ک _mم ح م |
||